000 00354nam a2200133Ia 4500
008 231129s9999||||xx |||||||||||||| ||spa||
020 _a84-206-0208-6
040 _bspa
082 _a818.5 A832ó
100 _aAsimov Isaac
245 0 _aOpus 200
264 _aMadrid España: Alianza Editorial
942 _2ddc
_cBKS
999 _c22131
_d22131